Dandelion (Record no. 5389)

MARC details
000 -CABECERA
campo de control de longitud fija 02504cam a2200385 i 4500
001 - NÚMERO DE CONTROL
campo de control 10034726
003 - IDENTIFICADOR DEL NÚMERO DE CONTROL
campo de control CaAEU
005 - FECHA Y HORA DE LA ÚLTIMA TRANSACCIÓN
campo de control 20260305151153.0
008 - DATOS DE LONGITUD FIJA--INFORMACIÓN GENERAL
campo de control de longitud fija 210910t20222022bcca 000 f eng
015 ## - NÚMERO DE BIBLIOGRAFÍA NACIONAL
Número de bibliografía nacional 20210390808
Fuente can
015 ## - NÚMERO DE BIBLIOGRAFÍA NACIONAL
Número de bibliografía nacional GBC2E4971
Fuente bnb
016 7# - NÚMERO DE CONTROL DE UNA AGENCIA BIBLIOGRÁFICA NACIONAL
Número de control del registro 020715551
Fuente Uk
020 ## - NÚMERO INTERNACIONAL ESTÁNDAR DEL LIBRO
Número Internacional Estándar del Libro 9781551528816
Información calificativa paperback
020 ## - NÚMERO INTERNACIONAL ESTÁNDAR DEL LIBRO
Número Internacional Estándar del Libro 1551528819
Información calificativa paperback
035 ## - NÚMERO DE CONTROL DEL SISTEMA
Número de control de sistema on1267687364
039 ## - NIVEL DE CONTROL BIBLIOGRÁFICO Y DETALLES DE CODIFICACIÓN [OBSOLETO]
Nivel de reglas en descripción bibliográfica exclude
040 ## - FUENTE DE LA CATALOGACIÓN
Centro catalogador/agencia de origen NLC
Lengua de catalogación eng
Normas de descripción rda
Centro/agencia transcriptor YDX
Centro/agencia modificador BDX
-- NLC
-- TOH
-- OCLCO
-- OCLCF
-- VP@
-- UBC
-- YDX
-- G8V
-- CNCAR
-- UKMGB
-- CDX
-- AEVC
041 ## - CÓDIGO DE LENGUA
Código de lengua del texto/banda sonora o título independiente English
042 ## - CÓDIGO DE AUTENTICACIÓN
Código de autenticación lac
043 ## - CÓDIGO DE ÁREA GEOGRÁFICA
Código de área geográfica n-cn---
-- n-cn-bc
050 #4 - SIGNATURA TOPOGRÁFICA DE LA BIBLIOTECA DEL CONGRESO
Número de clasificación PR9199.4.L535
Número de documento/Ítem D36 2022
100 ## - ENTRADA PRINCIPAL--NOMBRE DE PERSONA
Nombre de persona Liew, Jamie Chai Yun,
Término indicativo de función/relación author.
9 (RLIN) 26812
245 10 - MENCIÓN DE TÍTULO
Título Dandelion
Mención de responsabilidad, etc. / Jamie Chai Yun Liew.
264 #1 - PRODUCCIÓN, PUBLICACIÓN, DISTRIBUCIÓN, FABRICACIÓN Y COPYRIGHT
Producción, publicación, distribución, fabricación y copyright Vancouver, BC :
Nombre del de productor, editor, distribuidor, fabricante Arsenal Pulp Press,
Fecha de producción, publicación, distribución, fabricación o copyright [2022]
264 #4 - PRODUCCIÓN, PUBLICACIÓN, DISTRIBUCIÓN, FABRICACIÓN Y COPYRIGHT
Fecha de producción, publicación, distribución, fabricación o copyright ©2022
300 ## - DESCRIPCIÓN FÍSICA
Extensión 262 pages :
Otras características físicas illustrations ;
Dimensiones 23 cm
520 ## - SUMARIO, ETC.
Sumario, etc. "Jim Wong-Chu Emerging Writers Award winner: an Asian woman traces her mother's past journey in order to learn who she really is and where she belongs. When Lily was eleven years old, her mother, Swee Hua, walked away from the family, never to be seen or heard from again. Now, as a new mother herself, Lily becomes obsessed with finding out what happened to Swee Hua. She recalls the spring of 1987, growing up in a small British Columbia mining town where there were only a handful of Asian families; Lily's previously stateless father wanted them to blend seamlessly into Canadian life, while her mother, alienated and isolated, longed to return to Brunei. Years later, still affected by Swee Hua's disappearance, Lily's family is nonetheless stubbornly silent to her questioning. But eventually, an old family friend provides a clue that sends Lily to Southeast Asia to find out the truth. Winner of the Jim Wong-Chu Emerging Writers Award from the Asian Canadian Writers' Workshop, Dandelion is a beautifully written and affecting novel about motherhood, family secrets, migration, isolation, and mental illness. With clarity and care, it delves into the many ways we define home, identity, and above all, belonging."--
Fuente proveedora Provided by publisher.
650 #0 - PUNTO DE ACCESO ADICIONAL DE MATERIA--TÉRMINO DE MATERIA
Término de materia o nombre geográfico como elemento de entrada Mothers and daughters
Subdivisión de forma Fiction.
650 #0 - PUNTO DE ACCESO ADICIONAL DE MATERIA--TÉRMINO DE MATERIA
Término de materia o nombre geográfico como elemento de entrada Asians - Canada British Columbia Fiction.
9 (RLIN) 26813
650 #0 - PUNTO DE ACCESO ADICIONAL DE MATERIA--TÉRMINO DE MATERIA
Término de materia o nombre geográfico como elemento de entrada Canadian fiction - 21st century.
9 (RLIN) 26814
650 #0 - PUNTO DE ACCESO ADICIONAL DE MATERIA--TÉRMINO DE MATERIA
Término de materia o nombre geográfico como elemento de entrada Family secrets
Subdivisión de forma Fiction
Fuente del encabezamiento o término fast
Número de control del registro de autoridad o número normalizado (OCoLC)fst01737651
9 (RLIN) 23679
655 #7 - TÉRMINO DE INDIZACIÓN--GÉNERO/FORMA
Datos o término principal de género/forma Fiction.
Fuente del término fast
Número de control del registro de autoridad o número normalizado (OCoLC)fst01423787
9 (RLIN) 22716
655 #0 - TÉRMINO DE INDIZACIÓN--GÉNERO/FORMA
Datos o término principal de género/forma Psychological fiction
Fuente del término lcgft
9 (RLIN) 22456
942 ## - ELEMENTOS DE ENTRADA AGREGADA (KOHA)
Fuente del sistema de clasificación o colocación Clasificación de Library of Congress
Holdings
Estado de retiro Estado de pérdida Fuente del sistema de clasificación o colocación Estado dañado No para préstamo Biblioteca de origen Biblioteca actual Fecha de adquisición Total de préstamos Fecha visto por última vez Número de copia Precio válido a partir de Tipo de ítem Koha Nota pública
    Clasificación de Library of Congress     TBS Barcelona TBS Barcelona 05/03/2026   05/03/2026 1 05/03/2026 Book SOON AVAILABLE

Powered by Koha